00453 2200181 4500001002100000005001500021035002000036007000300056008004100059020001800100082001000118084001900128100001600147245003900163260003600202300001700238990001600255INLIS00000000000217620260304014542 a0010-0326000124ta260304 g 0 ind  a9786231892140 a2x9.5 a2x9.5 RIZ s.c10 aRizem Aizid1 aSelayang Pandang Dinasti Fatimiyah aYogyakarta :bDiva Press,c2023 a100 ;c20 cm a2026/P/0218